Imię żeńskie na literę "A" - Statystyki

Ogólne statystyki
  • Ten quiz został rozwiązany 392 razy
  • Średni wynik to 4 z 10
Statystyki odpowiedzi
Żeńskie % Poprawnych
Anna
91%
Agnieszka
65%
Aneta
49%
Anastazja
43%
Anita
32%
Ada
29%
Angelika
28%
Amanda
24%
Adela
17%
Arleta
17%
Nie znaleziono quizów pasujących do podanych kryteriów
Rozkład punktacji
Procent ludzi z każdym wynikiem
Percentyl według liczby udzielonych odpowiedzi
Twoja historia wyników
Nie rozwiązałeś tego quizu